[Event "WYCC Open U18"]
[Site "Porto Carras"]
[Date "2015.10.28"]
[Round "4.16"]
[White "Codenotti, Marco"]
[Black "Peng, Li Min"]
[Result "1/2-1/2"]
[BlackElo "2260"]
[WhiteElo "2419"]
[LiveChessVersion "1.4.6"]

1. e4 {[%clk 1:30:58]} Nc6 {[%clk 1:30:52]} 2. Nf3 {[%clk 1:31:21]} d6
{[%clk 1:31:06]} 3. d4 {[%clk 1:31:47]} Nf6 {[%clk 1:31:32]} 4. Nc3
{[%clk 1:32:13]} g6 {[%clk 1:31:56]} 5. Be2 {[%clk 1:32:39]} Bg7 {[%clk 1:32:22]}
6. O-O {[%clk 1:33:05]} O-O {[%clk 1:32:46]} 7. d5 {[%clk 1:33:33]} Nb8
{[%clk 1:33:11]} 8. h3 {[%clk 1:33:05]} c6 {[%clk 1:33:34]} 9. Re1
{[%clk 1:33:30]} Qc7 {[%clk 1:22:19]} 10. Bg5 {[%clk 1:33:46]} Nbd7
{[%clk 1:22:41]} 11. Qd2 {[%clk 1:33:30]} Re8 {[%clk 1:10:44]} 12. Bf1
{[%clk 1:32:37]} a6 {[%clk 1:07:14]} 13. a4 {[%clk 1:32:56]} Ne5 {[%clk 0:55:13]}
14. Nxe5 {[%clk 1:31:10]} dxe5 {[%clk 0:55:05]} 15. dxc6 {[%clk 1:30:44]} bxc6
{[%clk 0:52:45]} 16. a5 {[%clk 1:30:40]} Rd8 {[%clk 0:46:43]} 17. Bd3
{[%clk 1:28:58]} Nh5 {[%clk 0:30:25]} 18. Qe2 {[%clk 1:26:03]} Nf4
{[%clk 0:29:47]} 19. Bxf4 {[%clk 1:26:28]} exf4 {[%clk 0:30:14]} 20. e5
{[%clk 1:26:55]} f3 {[%clk 0:30:31]} 21. Qxf3 {[%clk 1:26:11]} Bxe5
{[%clk 0:30:55]} 22. Bc4 {[%clk 1:24:59]} Bf5 {[%clk 0:20:40]} 23. g4
{[%clk 1:22:32]} Rd4 {[%clk 0:20:38]} 24. Bxf7+ {[%clk 1:21:48]} Kxf7
{[%clk 0:20:50]} 25. gxf5 {[%clk 1:22:08]} Rf4 {[%clk 0:20:55]} 26. fxg6+
{[%clk 1:17:19]} hxg6 {[%clk 0:21:22]} 27. Qe3 {[%clk 1:16:42]} Bd4
{[%clk 0:18:24]} 28. Qe6+ {[%clk 1:16:38]} Kf8 {[%clk 0:18:51]} 29. Ne4
{[%clk 1:14:25]} Rxe4 {[%clk 0:18:04]} 30. Qxe4 {[%clk 1:13:19]} Qg3+
{[%clk 0:18:28]} 31. Qg2 {[%clk 1:13:45]} Bxf2+ {[%clk 0:18:53]} 32. Kf1
{[%clk 1:14:07]} Qxg2+ {[%clk 0:19:19]} 33. Kxg2 {[%clk 1:14:33]} Bxe1
{[%clk 0:19:46]} 34. Rxe1 {[%clk 1:14:58]} Rd8 {[%clk 0:20:08]} 35. Kf3
{[%clk 1:12:24]} Rd5 {[%clk 0:18:42]} 36. b4 {[%clk 1:05:47]} Kf7
{[%clk 0:14:30]} 37. c3 {[%clk 0:55:50]} c5 {[%clk 0:09:31]} 38. Ke4
{[%clk 0:54:14]} e6 {[%clk 0:09:08]} 39. c4 {[%clk 0:49:21]} Rd4+
{[%clk 0:06:33]} 40. Ke5 {[%clk 1:19:50]} Rxc4 {[%clk 0:35:29]} 41. b5
{[%clk 1:20:19]} axb5 {[%clk 0:23:48]} 42. Ra1 {[%clk 1:20:47]} Rd4
{[%clk 0:24:02]} 43. a6 {[%clk 1:21:00]} Rd5+ {[%clk 0:24:13]} 44. Ke4
{[%clk 1:21:29]} Rd4+ {[%clk 0:24:36]} 45. Ke5 {[%clk 1:21:55]} Rd5+
{[%clk 0:25:03]} 46. Ke4 1/2-1/2

[Event "WYCC Open U18"]
[Site "Porto Carras"]
[Date "2015.10.28"]
[Round "4.17"]
[White "Nilsen, Martin"]
[Black "Kessler, Luca"]
[Result "0-1"]
[BlackElo "2380"]
[WhiteElo "2147"]
[LiveChessVersion "1.4.6"]

1. e3 {[%clk 1:30:57]} Nf6 {[%clk 1:30:28]} 2. b3 {[%clk 1:30:18]} g6
{[%clk 1:29:45]} 3. Bb2 {[%clk 1:29:51]} Bg7 {[%clk 1:29:55]} 4. f4
{[%clk 1:28:38]} O-O {[%clk 1:28:25]} 5. Nf3 {[%clk 1:28:00]} d6 {[%clk 1:28:08]}
6. Be2 {[%clk 1:24:44]} e5 {[%clk 1:25:39]} 7. fxe5 {[%clk 1:21:24]} Ng4
{[%clk 1:25:09]} 8. O-O {[%clk 1:18:56]} Nc6 {[%clk 1:24:59]} 9. Nc3
{[%clk 1:08:29]} dxe5 {[%clk 1:10:06]} 10. e4 {[%clk 1:04:16]} Nd4
{[%clk 1:02:13]} 11. Bc4 {[%clk 0:59:12]} Ne6 {[%clk 0:53:48]} 12. Qe1
{[%clk 0:49:16]} c6 {[%clk 0:53:18]} 13. h3 {[%clk 0:44:21]} Nf6 {[%clk 0:52:10]}
14. Nxe5 {[%clk 0:37:55]} Qd4+ {[%clk 0:48:32]} 15. Qf2 {[%clk 0:38:00]} Qxe5
{[%clk 0:45:27]} 16. Na4 {[%clk 0:36:46]} Nxe4 {[%clk 0:43:20]} 17. Qh4
{[%clk 0:17:39]} Qg3 {[%clk 0:35:02]} 18. Qxe4 {[%clk 0:16:29]} Ng5
{[%clk 0:35:26]} 19. Qe2 {[%clk 0:10:31]} b5 {[%clk 0:30:06]} 20. Bxg7
{[%clk 0:08:25]} Kxg7 {[%clk 0:30:26]} 21. h4 {[%clk 0:08:30]} Qxh4
{[%clk 0:27:17]} 22. Qe5+ {[%clk 0:08:12]} Kg8 {[%clk 0:27:23]} 23. Rf4
{[%clk 0:02:10]} Qg3 {[%clk 0:26:28]} 24. Re1 {[%clk 0:01:32]} Nh3+
{[%clk 0:25:49]} 0-1

[Event "WYCC Open U18"]
[Site "Porto Carras"]
[Date "2015.10.28"]
[Round "4.18"]
[White "Akhmetov, Ayan"]
[Black "Taylor, Adam C"]
[Result "1-0"]
[BlackElo "2292"]
[WhiteElo "2357"]
[LiveChessVersion "1.4.6"]

1. c4 {[%clk 1:30:50]} c5 {[%clk 1:30:31]} 2. g3 {[%clk 1:31:03]} g6
{[%clk 1:30:43]} 3. Bg2 {[%clk 1:31:21]} Bg7 {[%clk 1:30:48]} 4. Nf3
{[%clk 1:31:40]} Nc6 {[%clk 1:30:38]} 5. O-O {[%clk 1:31:47]} Nf6
{[%clk 1:30:43]} 6. Nc3 {[%clk 1:32:03]} O-O {[%clk 1:31:03]} 7. d4
{[%clk 1:32:18]} d6 {[%clk 1:26:01]} 8. b3 {[%clk 1:17:43]} cxd4 {[%clk 1:21:59]}
9. Nxd4 {[%clk 1:18:05]} Nxd4 {[%clk 1:19:34]} 10. Qxd4 {[%clk 1:18:19]} d5
{[%clk 1:07:18]} 11. Bb2 {[%clk 1:12:33]} Ne4 {[%clk 1:03:15]} 12. Qd3
{[%clk 1:12:44]} Bf5 {[%clk 0:58:03]} 13. Bxe4 {[%clk 1:09:22]} Bxe4
{[%clk 0:52:47]} 14. Nxe4 {[%clk 1:09:02]} Bxb2 {[%clk 0:52:13]} 15. Rad1
{[%clk 1:08:56]} dxe4 {[%clk 0:49:28]} 16. Qc2 {[%clk 1:09:00]} Qc7
{[%clk 0:43:03]} 17. Qxb2 {[%clk 1:09:09]} Rad8 {[%clk 0:41:40]} 18. Qc3
{[%clk 1:04:47]} f5 {[%clk 0:37:11]} 19. c5 {[%clk 1:04:20]} a5 {[%clk 0:31:45]}
20. a3 {[%clk 1:02:00]} Rc8 {[%clk 0:26:48]} 21. b4 {[%clk 0:59:39]} axb4
{[%clk 0:24:51]} 22. axb4 {[%clk 1:00:01]} b6 {[%clk 0:24:27]} 23. Qb3+
{[%clk 0:57:15]} Kg7 {[%clk 0:23:51]} 24. Rc1 {[%clk 0:57:34]} bxc5
{[%clk 0:23:06]} 25. Rxc5 {[%clk 0:57:44]} Qb7 {[%clk 0:22:05]} 26. Qc3+
{[%clk 0:54:43]} Kf7 {[%clk 0:18:35]} 27. Qc4+ {[%clk 0:54:33]} e6
{[%clk 0:17:21]} 28. Rd1 {[%clk 0:53:06]} Rxc5 {[%clk 0:13:12]} 29. bxc5
{[%clk 0:53:28]} e3 {[%clk 0:08:42]} 30. c6 {[%clk 0:51:30]} exf2+
{[%clk 0:08:56]} 31. Kf1 {[%clk 0:51:54]} Qb6 {[%clk 0:07:04]} 32. Qc3
{[%clk 0:43:18]} e5 {[%clk 0:06:10]} 33. Qc4+ {[%clk 0:41:27]} Kf6
{[%clk 0:05:29]} 34. Rd6+ {[%clk 0:41:49]} Kg7 {[%clk 0:05:09]} 35. Rd7+
{[%clk 0:42:13]} Kh8 {[%clk 0:05:08]} 36. Qh4 {[%clk 0:40:01]} Qb1+
{[%clk 0:03:30]} 37. Kxf2 {[%clk 0:40:03]} Qb6+ {[%clk 0:03:46]} 38. Kf1
{[%clk 0:40:28]} Qb1+ {[%clk 0:03:52]} 39. Kg2 {[%clk 0:40:53]} h5
{[%clk 0:02:46]} 40. Qg5 {[%clk 1:11:02]} Qe4+ {[%clk 0:31:56]} 41. Kh3
{[%clk 1:11:30]} Qg4+ {[%clk 0:31:10]} 42. Qxg4 {[%clk 1:11:53]} hxg4+
{[%clk 0:30:42]} 43. Kg2 {[%clk 1:12:05]} f4 {[%clk 0:30:18]} 44. c7
{[%clk 1:12:28]} f3+ {[%clk 0:30:40]} 45. Kf2 {[%clk 1:12:50]} 1-0

[Event "WYCC Open U18"]
[Site "Porto Carras"]
[Date "2015.10.29"]
[Round "5.1"]
[White "Mosadeghpour, Masoud"]
[Black "Sanal, Vahap"]
[Result "1-0"]
[BlackElo "2501"]
[WhiteElo "2420"]
[LiveChessVersion "1.4.6"]

1. e4 {[%clk 1:30:58]} g6 {[%clk 1:30:41]} 2. d4 {[%clk 1:31:19]} Bg7
{[%clk 1:30:59]} 3. Nf3 {[%clk 1:31:41]} d6 {[%clk 1:31:22]} 4. Nc3
{[%clk 1:32:06]} a6 {[%clk 1:31:38]} 5. a4 {[%clk 1:31:37]} b6 {[%clk 1:31:25]}
6. Bc4 {[%clk 1:30:40]} e6 {[%clk 1:31:24]} 7. O-O {[%clk 1:30:48]} Nd7
{[%clk 1:30:21]} 8. Re1 {[%clk 1:29:13]} Bb7 {[%clk 1:30:18]} 9. Bf4
{[%clk 1:22:26]} Ne7 {[%clk 1:30:13]} 10. Qd2 {[%clk 1:22:02]} h6
{[%clk 1:30:30]} 11. h4 {[%clk 1:20:17]} Qb8 {[%clk 1:16:13]} 12. b4
{[%clk 1:15:29]} Qa7 {[%clk 1:15:21]} 13. Be3 {[%clk 1:08:03]} Nf6
{[%clk 1:11:02]} 14. d5 {[%clk 1:06:35]} e5 {[%clk 1:00:41]} 15. a5
{[%clk 1:06:52]} Ng4 {[%clk 0:56:36]} 16. b5 {[%clk 1:03:41]} Nxe3
{[%clk 0:48:04]} 17. Qxe3 {[%clk 1:04:09]} Qb8 {[%clk 0:47:53]} 18. Nd2
{[%clk 0:44:40]} bxa5 {[%clk 0:39:28]} 19. Rxa5 {[%clk 0:38:13]} axb5
{[%clk 0:39:28]} 20. Rxa8 {[%clk 0:35:15]} Bxa8 {[%clk 0:34:51]} 21. Bxb5+
{[%clk 0:35:04]} c6 {[%clk 0:34:06]} 22. dxc6 {[%clk 0:30:40]} Bxc6
{[%clk 0:33:49]} 23. Bxc6+ {[%clk 0:25:34]} Nxc6 {[%clk 0:34:08]} 24. Rb1
{[%clk 0:26:02]} Qd8 {[%clk 0:32:03]} 25. Qb6 {[%clk 0:25:36]} Qxb6
{[%clk 0:27:11]} 26. Rxb6 {[%clk 0:26:04]} Kd7 {[%clk 0:27:07]} 27. Rb7+
{[%clk 0:26:16]} Ke6 {[%clk 0:27:20]} 28. Nd5 {[%clk 0:26:29]} Bf6
{[%clk 0:25:11]} 29. Nc7+ {[%clk 0:15:26]} Kd7 {[%clk 0:25:18]} 30. Nd5+
{[%clk 0:13:25]} Ke6 {[%clk 0:25:41]} 31. Rc7 {[%clk 0:11:38]} Ne7
{[%clk 0:24:50]} 32. c4 {[%clk 0:11:13]} Bxh4 {[%clk 0:22:21]} 33. g3
{[%clk 0:11:35]} Bf6 {[%clk 0:21:24]} 34. f4 {[%clk 0:12:03]} Re8
{[%clk 0:12:15]} 35. Nf3 {[%clk 0:08:17]} Bg7 {[%clk 0:11:01]} 36. g4
{[%clk 0:06:37]} exf4 {[%clk 0:02:34]} 37. Nxf4+ {[%clk 0:06:23]} Kf6
{[%clk 0:03:02]} 38. c5 {[%clk 0:06:36]} Rc8 {[%clk 0:02:00]} 39. cxd6
{[%clk 0:06:28]} Rxc7 {[%clk 0:02:19]} 40. e5# {[%clk 0:36:50]} 1-0

[Event "WYCC Open U18"]
[Site "Porto Carras"]
[Date "2015.10.29"]
[Round "5.2"]
[White "Sardana, Rishi"]
[Black "Yuffa, Daniil"]
[Result "0-1"]
[BlackElo "2485"]
[WhiteElo "2385"]
[LiveChessVersion "1.4.6"]

1. e4 {[%clk 1:30:52]} Nf6 {[%clk 1:30:35]} 2. e5 {[%clk 1:31:09]} Nd5
{[%clk 1:30:59]} 3. d4 {[%clk 1:31:21]} d6 {[%clk 1:31:22]} 4. c4
{[%clk 1:31:32]} Nb6 {[%clk 1:31:47]} 5. exd6 {[%clk 1:31:47]} cxd6
{[%clk 1:32:04]} 6. Nc3 {[%clk 1:32:04]} g6 {[%clk 1:32:27]} 7. Be3
{[%clk 1:32:20]} Bg7 {[%clk 1:32:51]} 8. Rc1 {[%clk 1:32:07]} O-O
{[%clk 1:33:15]} 9. b3 {[%clk 1:32:25]} Bf5 {[%clk 1:33:18]} 10. Bd3
{[%clk 1:24:57]} Bxd3 {[%clk 1:27:11]} 11. Qxd3 {[%clk 1:25:17]} d5
{[%clk 1:17:50]} 12. c5 {[%clk 1:24:48]} Nc8 {[%clk 1:17:58]} 13. Nf3
{[%clk 1:24:37]} Nc6 {[%clk 1:18:15]} 14. O-O {[%clk 1:24:14]} e6
{[%clk 1:15:52]} 15. a3 {[%clk 1:15:45]} N8e7 {[%clk 1:13:54]} 16. b4
{[%clk 1:00:06]} a6 {[%clk 1:12:18]} 17. Rfd1 {[%clk 0:54:21]} Nf5
{[%clk 1:08:23]} 18. Na4 {[%clk 0:49:54]} Qc7 {[%clk 1:05:34]} 19. Nb6
{[%clk 0:48:05]} Rad8 {[%clk 1:05:51]} 20. Qd2 {[%clk 0:37:31]} Nxe3
{[%clk 0:56:49]} 21. Qxe3 {[%clk 0:33:40]} Rfe8 {[%clk 0:52:01]} 22. Rb1
{[%clk 0:30:45]} f6 {[%clk 0:48:51]} 23. a4 {[%clk 0:26:20]} a5 {[%clk 0:49:01]}
24. b5 {[%clk 0:18:25]} Nb4 {[%clk 0:49:16]} 25. Nd2 {[%clk 0:16:17]} e5
{[%clk 0:47:56]} 26. Nb3 {[%clk 0:15:19]} Nc2 {[%clk 0:42:19]} 27. Qg3
{[%clk 0:14:11]} Qf7 {[%clk 0:28:55]} 28. dxe5 {[%clk 0:05:07]} fxe5
{[%clk 0:29:22]} 29. Qf3 {[%clk 0:05:23]} Qxf3 {[%clk 0:21:21]} 30. gxf3
{[%clk 0:05:51]} Na3 {[%clk 0:21:39]} 31. Ra1 {[%clk 0:04:47]} Nc4
{[%clk 0:21:41]} 32. Nxc4 {[%clk 0:01:06]} dxc4 {[%clk 0:22:07]} 33. Nxa5
{[%clk 0:01:29]} e4 {[%clk 0:22:00]} 34. Rxd8 {[%clk 0:01:17]} Rxd8
{[%clk 0:22:24]} 35. Rc1 {[%clk 0:01:22]} Bb2 {[%clk 0:19:52]} 36. Re1
{[%clk 0:00:33]} Bc3 {[%clk 0:17:00]} 37. Rxe4 {[%clk 0:00:44]} Bxa5
{[%clk 0:17:24]} 38. Rxc4 {[%clk 0:01:10]} Rc8 {[%clk 0:17:11]} 39. Kg2
{[%clk 0:00:38]} Kf7 {[%clk 0:17:09]} 40. Rd4 {[%clk 0:30:37]} Ke6
{[%clk 0:47:03]} 41. Rd6+ {[%clk 0:16:57]} Ke7 {[%clk 0:44:35]} 42. Rd5
{[%clk 0:17:11]} Bb4 {[%clk 0:43:11]} 43. c6 {[%clk 0:16:39]} bxc6
{[%clk 0:43:36]} 44. bxc6 {[%clk 0:17:02]} Rxc6 {[%clk 0:43:42]} 45. Rb5
{[%clk 0:12:47]} Bd6 {[%clk 0:44:03]} 46. a5 {[%clk 0:12:38]} Ke6
{[%clk 0:42:51]} 47. Rb7 {[%clk 0:11:28]} Rc7 {[%clk 0:39:42]} 48. Rb6
{[%clk 0:11:48]} Rc2 {[%clk 0:35:45]} 49. h4 {[%clk 0:11:22]} Ra2
{[%clk 0:35:15]} 50. h5 {[%clk 0:11:14]} Rxa5 {[%clk 0:33:12]} 51. hxg6
{[%clk 0:10:59]} hxg6 {[%clk 0:33:38]} 52. Rb2 {[%clk 0:11:09]} Be5
{[%clk 0:33:52]} 53. Rc2 {[%clk 0:11:29]} Kf5 {[%clk 0:34:16]} 54. Re2
{[%clk 0:10:54]} Rb5 {[%clk 0:34:43]} 55. Rd2 {[%clk 0:10:33]} Rb2
{[%clk 0:35:03]} 56. Rd8 {[%clk 0:10:39]} Bf6 {[%clk 0:35:18]} 57. Rf8
{[%clk 0:11:03]} Ke6 {[%clk 0:35:39]} 58. f4 {[%clk 0:11:15]} Bd4
{[%clk 0:35:14]} 59. Kf3 {[%clk 0:11:30]} Rxf2+ {[%clk 0:35:07]} 60. Kg4
{[%clk 0:11:34]} Rg2+ {[%clk 0:35:21]} 61. Kf3 {[%clk 0:12:00]} Rb2
{[%clk 0:34:31]} 62. Kg4 {[%clk 0:11:59]} Bf6 {[%clk 0:34:37]} 63. Re8+
{[%clk 0:12:24]} Be7 {[%clk 0:34:27]} 64. Rg8 {[%clk 0:12:41]} Kf6
{[%clk 0:34:40]} 65. Rc8 {[%clk 0:13:03]} Rb6 {[%clk 0:34:25]} 66. Rc4
{[%clk 0:13:21]} Rd6 {[%clk 0:33:33]} 67. Ra4 {[%clk 0:13:42]} Rd5
{[%clk 0:33:42]} 68. Rc4 {[%clk 0:14:03]} Rb5 {[%clk 0:33:05]} 69. Rd4
{[%clk 0:14:26]} Rb4 {[%clk 0:33:01]} 70. Rd5 {[%clk 0:14:51]} Kf7
{[%clk 0:32:53]} 71. Kf3 {[%clk 0:14:42]} Bf8 {[%clk 0:32:37]} 72. Ra5
{[%clk 0:12:12]} Bd6 {[%clk 0:32:52]} 73. f5 {[%clk 0:12:30]} Rf4+
{[%clk 0:33:05]} 74. Ke3 {[%clk 0:12:55]} Rxf5 {[%clk 0:33:27]} 0-1

[Event "WYCC Open U18"]
[Site "Porto Carras"]
[Date "2015.10.29"]
[Round "5.3"]
[White "Bellahcene, Bilel"]
[Black "Jarmula, Lukasz"]
[Result "1/2-1/2"]
[BlackElo "2321"]
[WhiteElo "2455"]
[LiveChessVersion "1.4.6"]

1. e4 {[%clk 1:30:57]} c5 {[%clk 1:30:54]} 2. Nf3 {[%clk 1:31:23]} d6
{[%clk 1:31:19]} 3. d4 {[%clk 1:31:50]} cxd4 {[%clk 1:31:42]} 4. Nxd4
{[%clk 1:32:18]} Nf6 {[%clk 1:32:04]} 5. Nc3 {[%clk 1:32:44]} g6 {[%clk 1:32:29]}
6. g3 {[%clk 1:33:07]} Bg7 {[%clk 1:32:52]} 7. Bg2 {[%clk 1:33:34]} O-O
{[%clk 1:30:04]} 8. O-O {[%clk 1:34:01]} Nc6 {[%clk 1:29:53]} 9. Nde2
{[%clk 1:33:59]} Bd7 {[%clk 1:29:02]} 10. h3 {[%clk 1:33:25]} h5 {[%clk 1:25:56]}
11. a4 {[%clk 1:23:11]} Qc8 {[%clk 1:20:07]} 12. Kh2 {[%clk 1:19:08]} Rd8
{[%clk 1:18:18]} 13. Bg5 {[%clk 1:16:29]} Be6 {[%clk 1:05:27]} 14. Nd5
{[%clk 1:04:48]} Nh7 {[%clk 1:01:26]} 15. Bc1 {[%clk 1:03:36]} Bd7
{[%clk 0:54:31]} 16. c4 {[%clk 0:53:22]} e6 {[%clk 0:48:25]} 17. Ndc3
{[%clk 0:53:28]} Nb4 {[%clk 0:47:14]} 18. b3 {[%clk 0:52:30]} Bc6
{[%clk 0:45:04]} 19. Ba3 {[%clk 0:48:13]} a5 {[%clk 0:45:18]} 20. Rc1
{[%clk 0:48:39]} Qb8 {[%clk 0:44:37]} 21. Bxb4 {[%clk 0:45:11]} axb4
{[%clk 0:44:43]} 22. Na2 {[%clk 0:45:40]} Nf6 {[%clk 0:39:48]} 23. Qc2
{[%clk 0:45:40]} h4 {[%clk 0:38:32]} 24. Nxb4 {[%clk 0:45:59]} hxg3+
{[%clk 0:37:17]} 25. Nxg3 {[%clk 0:45:08]} d5 {[%clk 0:31:09]} 26. cxd5
{[%clk 0:44:29]} exd5 {[%clk 0:31:11]} 27. exd5 {[%clk 0:40:45]} Nxd5
{[%clk 0:23:19]} 28. Nxc6 {[%clk 0:36:05]} bxc6 {[%clk 0:23:35]} 29. Bxd5
{[%clk 0:25:18]} cxd5 {[%clk 0:23:31]} 30. Qd3 {[%clk 0:25:36]} Qb4
{[%clk 0:20:56]} 31. Qf3 {[%clk 0:23:46]} Ra6 {[%clk 0:18:16]} 32. Kg2
{[%clk 0:20:59]} Rf6 {[%clk 0:16:22]} 33. Qd3 {[%clk 0:21:16]} Qb7
{[%clk 0:13:26]} 34. Rfe1 {[%clk 0:18:12]} d4+ {[%clk 0:11:00]} 35. f3
{[%clk 0:13:10]} Rb6 {[%clk 0:08:37]} 36. Rb1 {[%clk 0:12:46]} Rb8
{[%clk 0:08:02]} 37. h4 {[%clk 0:12:42]} Rxb3 {[%clk 0:07:29]} 38. Rxb3
{[%clk 0:13:10]} Qxb3 {[%clk 0:07:52]} 39. Re8+ {[%clk 0:13:34]} Kh7
{[%clk 0:07:35]} 40. Qxb3 {[%clk 0:43:58]} Rxb3 {[%clk 0:38:00]} 41. Ne4
{[%clk 0:44:23]} Bh6 {[%clk 0:31:27]} 42. Re7 {[%clk 0:37:39]} 1/2-1/2

[Event "WYCC Open U18"]
[Site "Porto Carras"]
[Date "2015.10.29"]
[Round "5.4"]
[White "Stathopoulos, Ioannis"]
[Black "Sosa, Tomas"]
[Result "0-1"]
[BlackElo "2405"]
[WhiteElo "2338"]
[LiveChessVersion "1.4.6"]

1. d4 Nf6 2. c4 d6 3. Nf3 g6 4. Nc3 Bg7 5. e4 O-O 6. Be2 e5 7. O-O Nbd7 8. Re1 c6
9. Be3 h6 10. d5 c5 11. Nd2 Nh7 12. Rb1 f5 13. f3 f4 14. Bf2 g5 15. b4 b6 16. a4
h5 17. a5 Bh6 18. Ra1 Bb7 19. bxc5 bxc5 20. Qa4 a6 21. Reb1 Ra7 22. Rb2 Rf7 23.
Rab1 Ndf8 24. Qb3 Nd7 25. Qa3 Bc8 26. Qa4 Rc7 27. Qa3 Rg7 28. Na4 g4 29. Nb6 g3
30. Be1 Nxb6 31. Rxb6 gxh2+ 32. Kxh2 Rxg2+ 33. Kxg2 Qg5+ 34. Kh2 Rg7 0-1

[Event "WYCC Open U18"]
[Site "Porto Carras"]
[Date "2015.10.29"]
[Round "5.5"]
[White "Kaczur, Florian"]
[Black "Vaibhav, Suri"]
[Result "1-0"]
[BlackElo "2561"]
[WhiteElo "2376"]
[LiveChessVersion "1.4.6"]

1. e4 {[%clk 1:30:54]} c5 {[%clk 1:30:45]} 2. Nf3 {[%clk 1:31:18]} e6
{[%clk 1:31:06]} 3. d4 {[%clk 1:31:43]} cxd4 {[%clk 1:31:28]} 4. Nxd4
{[%clk 1:32:08]} Nc6 {[%clk 1:31:45]} 5. Nc3 {[%clk 1:32:17]} Qc7
{[%clk 1:32:09]} 6. Be3 {[%clk 1:32:14]} a6 {[%clk 1:32:08]} 7. Qd2
{[%clk 1:30:50]} Nf6 {[%clk 1:32:21]} 8. O-O-O {[%clk 1:30:10]} Bb4
{[%clk 1:32:32]} 9. f3 {[%clk 1:30:35]} O-O {[%clk 1:32:36]} 10. Kb1
{[%clk 1:27:19]} d5 {[%clk 1:30:14]} 11. exd5 {[%clk 1:20:42]} Bxc3
{[%clk 1:29:37]} 12. Qxc3 {[%clk 1:21:09]} Nxd5 {[%clk 1:29:58]} 13. Qe1
{[%clk 1:20:44]} Nxe3 {[%clk 1:26:22]} 14. Qxe3 {[%clk 1:18:35]} Rd8
{[%clk 1:26:07]} 15. Be2 {[%clk 1:17:34]} Bd7 {[%clk 1:19:03]} 16. g3
{[%clk 1:09:03]} Ne7 {[%clk 1:13:36]} 17. f4 {[%clk 1:05:07]} Nd5
{[%clk 1:06:53]} 18. Qe4 {[%clk 0:57:37]} Rac8 {[%clk 1:04:17]} 19. Bd3
{[%clk 0:55:45]} Nf6 {[%clk 1:03:29]} 20. Qe2 {[%clk 0:54:13]} Ba4
{[%clk 1:01:15]} 21. Nb3 {[%clk 0:50:58]} Rd5 {[%clk 0:59:12]} 22. c3
{[%clk 0:49:45]} Bxb3 {[%clk 0:51:06]} 23. axb3 {[%clk 0:49:32]} Rcd8
{[%clk 0:51:02]} 24. Bc2 {[%clk 0:47:53]} h6 {[%clk 0:47:09]} 25. b4
{[%clk 0:45:58]} a5 {[%clk 0:40:54]} 26. bxa5 {[%clk 0:44:32]} Qxa5
{[%clk 0:31:58]} 27. Bb3 {[%clk 0:42:13]} Rxd1+ {[%clk 0:26:31]} 28. Rxd1
{[%clk 0:42:35]} Ra8 {[%clk 0:26:57]} 29. Rd4 {[%clk 0:39:05]} Qa1+
{[%clk 0:23:11]} 30. Kc2 {[%clk 0:39:33]} Qg1 {[%clk 0:23:16]} 31. Rd1
{[%clk 0:37:30]} Qb6 {[%clk 0:22:41]} 32. Qf3 {[%clk 0:34:27]} h5
{[%clk 0:17:16]} 33. h3 {[%clk 0:32:19]} Ra5 {[%clk 0:15:48]} 34. Qd3
{[%clk 0:25:24]} Ra8 {[%clk 0:11:15]} 35. Qf3 {[%clk 0:24:16]} Ra5
{[%clk 0:08:02]} 36. Bc4 {[%clk 0:23:49]} g6 {[%clk 0:03:19]} 37. g4
{[%clk 0:19:48]} Rc5 {[%clk 0:02:15]} 38. Rd4 {[%clk 0:19:46]} hxg4
{[%clk 0:02:19]} 39. hxg4 {[%clk 0:20:14]} Kg7 {[%clk 0:02:22]} 40. b4
{[%clk 0:47:26]} Rc7 {[%clk 0:30:45]} 41. Kb3 {[%clk 0:39:51]} Nd7
{[%clk 0:22:42]} 42. g5 {[%clk 0:32:03]} Kf8 {[%clk 0:18:42]} 43. Qh1
{[%clk 0:30:49]} Ke7 {[%clk 0:17:06]} 44. Qh7 {[%clk 0:30:48]} Qc6
{[%clk 0:13:09]} 45. f5 {[%clk 0:30:08]} b5 {[%clk 0:10:38]} 46. f6+
{[%clk 0:30:12]} Ke8 {[%clk 0:10:41]} 47. Qh8+ {[%clk 0:30:11]} Nf8
{[%clk 0:11:06]} 48. Rd8+ {[%clk 0:30:08]} Kxd8 {[%clk 0:11:34]} 49. Qxf8+
{[%clk 0:30:31]} Qe8 {[%clk 0:11:54]} 50. Qd6+ {[%clk 0:30:04]} Kc8
{[%clk 0:10:01]} 51. Qa6+ {[%clk 0:27:57]} Rb7 {[%clk 0:08:54]} 52. Be2
{[%clk 0:26:49]} e5 {[%clk 0:07:45]} 53. Qd6 {[%clk 0:23:07]} Qd7
{[%clk 0:05:08]} 54. Qxe5 {[%clk 0:20:59]} Rb6 {[%clk 0:05:28]} 55. Qc5+
{[%clk 0:20:04]} Kb7 {[%clk 0:05:31]} 56. Bf3+ {[%clk 0:20:20]} Ka6
{[%clk 0:05:50]} 57. Qg1 {[%clk 0:18:59]} Ka7 {[%clk 0:05:04]} 58. Qc5
{[%clk 0:18:36]} Ka6 {[%clk 0:04:28]} 59. Qd5 {[%clk 0:16:35]} Qe8
{[%clk 0:02:12]} 60. Be4 {[%clk 0:11:39]} Ka7 {[%clk 0:01:28]} 61. Kb2
{[%clk 0:11:46]} Ka6 {[%clk 0:01:43]} 62. c4 {[%clk 0:11:45]} Rb8
{[%clk 0:01:22]} 63. c5 {[%clk 0:11:46]} Qe6 {[%clk 0:01:01]} 64. Qxe6+
{[%clk 0:11:59]} fxe6 {[%clk 0:01:30]} 65. Kc3 {[%clk 0:12:13]} 1-0

[Event "WYCC Open U18"]
[Site "Porto Carras"]
[Date "2015.10.29"]
[Round "5.6"]
[White "Akhmetov, Ayan"]
[Black "Alekseenko, Kirill"]
[Result "0-1"]
[BlackElo "2539"]
[WhiteElo "2357"]
[LiveChessVersion "1.4.6"]

1. c4 {[%clk 1:30:47]} e5 {[%clk 1:28:46]} 2. g3 {[%clk 1:31:11]} Nc6
{[%clk 1:28:09]} 3. Bg2 {[%clk 1:31:26]} f5 {[%clk 1:27:24]} 4. Nc3
{[%clk 1:31:36]} Nf6 {[%clk 1:26:58]} 5. Rb1 {[%clk 1:30:36]} g6 {[%clk 1:25:45]}
6. d3 {[%clk 1:30:49]} Bg7 {[%clk 1:24:38]} 7. Nf3 {[%clk 1:30:21]} d6
{[%clk 1:23:32]} 8. O-O {[%clk 1:30:30]} a5 {[%clk 1:21:42]} 9. a3
{[%clk 1:28:37]} O-O {[%clk 1:16:54]} 10. b4 {[%clk 1:27:52]} axb4
{[%clk 1:10:16]} 11. axb4 {[%clk 1:28:07]} h6 {[%clk 1:10:24]} 12. b5
{[%clk 1:26:39]} Ne7 {[%clk 1:08:17]} 13. c5 {[%clk 1:25:43]} Be6
{[%clk 1:06:49]} 14. cxd6 {[%clk 1:24:14]} cxd6 {[%clk 1:06:45]} 15. Nd2
{[%clk 1:23:38]} d5 {[%clk 1:02:13]} 16. Qb3 {[%clk 1:22:42]} Bf7
{[%clk 0:57:57]} 17. Na4 {[%clk 1:07:58]} Qa5 {[%clk 0:54:42]} 18. Ba3
{[%clk 1:03:49]} Rfe8 {[%clk 0:51:37]} 19. Qb2 {[%clk 1:02:08]} e4
{[%clk 0:41:23]} 20. Ra1 {[%clk 0:52:43]} exd3 {[%clk 0:27:44]} 21. Nb3
{[%clk 0:43:57]} Qxa4 {[%clk 0:24:27]} 22. Bxe7 {[%clk 0:44:18]} Qxb5
{[%clk 0:24:44]} 23. Rxa8 {[%clk 0:42:31]} Rxa8 {[%clk 0:25:09]} 24. Bxf6
{[%clk 0:42:56]} Bxf6 {[%clk 0:25:14]} 25. Qxf6 {[%clk 0:43:19]} dxe2
{[%clk 0:25:14]} 0-1